000 00257nam a22000857a 4500
008 160704b xxu||||| |||| 00| 0 eng d
100 _91927
_a Ysseldyke, J.E., et al
245 _aA Practical Approach for Teachers
260 _aNew Delhi
_bKanishka Publication
_c2005
999 _c1629
_d1629